|
|
|
|
| LEADER |
02292nam a2200337 a 4500 |
| 001 |
GR-Patra15552 |
| 008 |
030626s2001 gr e b 000 0 gre d |
| 020 |
|
|
|a 9604111051
|
| 040 |
|
|
|a GrPaTEI
|b gre
|c GR-PaULI
|
| 040 |
|
|
|a GrPaTEI
|b gre
|c GR-PaULI
|
| 082 |
|
0 |
|a 005.74
|2 21
|
| 100 |
1 |
|
|a Connoly, Thomas M.
|
| 245 |
1 |
0 |
|a Συστήματα βάσεων δεδομένων :
|b Μια πρακτική προσέγγιση στο σχεδιασμό, την υλοποίηση και τη διαχείρηση /
|c Thomas M. Connoly, Carolyn E. Begg ; Μετάφραση: Στέργιος Ρεκούδης ; Επιμέλεια: Κωνσταντίνος Ευμορφόπουλος
|n 1/.
|
| 250 |
|
|
|a 2η έκδ.
|
| 260 |
|
|
|a [Αθήνα] :
|b Εκδόσεις Ίων,
|c c2001
|
| 300 |
|
|
|a 611σ., x
|
| 504 |
|
|
|a Περιλαμβάνει βιβλιογραφία.
|
| 650 |
|
4 |
|a Ηλεκτρονικοί υπολογιστές
|x Βάσεις δεδομένων
|
| 700 |
1 |
|
|a Begg, Carolyn E.
|
| 700 |
1 |
|
|a Γκαρμπολάς, Δημήτρης
|
| 700 |
1 |
|
|a Ευμορφοπουλος, Κωνσταντίνος
|
| 700 |
1 |
|
|a Ρεκούδης, Στέργιος
|
| 700 |
1 |
|
|a Υψηλάντης, Παντελής Γ.
|
| 942 |
|
|
|2 ddc
|
| 952 |
|
|
|0 0
|1 0
|2 ddc
|4 0
|6 005_740000000000000_CON
|7 0
|9 294659
|a LISK
|b LISK
|c BSC
|d 2021-01-17
|e 24
|f 0
|g 0.00
|l 0
|o 005.74 CON
|p 92410020193
|r 2021-01-17 00:00:00
|t 1
|w 2021-01-17
|y BK15
|x 20030703 0 1
|x GrPaTEI
|
| 952 |
|
|
|0 0
|1 0
|2 ddc
|4 0
|6 005_740000000000000_CON
|7 0
|9 294660
|a LISK
|b LISK
|c BSC
|d 2021-01-17
|e 24
|f 0
|g 0.00
|l 0
|o 005.74 CON
|p 92410027278
|r 2021-01-17 00:00:00
|t 1
|w 2021-01-17
|y BK15
|x 20050208 0 1
|x GrPaTEI
|
| 952 |
|
|
|0 0
|1 0
|2 ddc
|4 0
|6 005_740000000000000_CON
|7 0
|9 294661
|a LISK
|b LISK
|c BSC
|d 2021-01-17
|e 24
|f 0
|g 0.00
|l 0
|o 005.74 CON
|p 92410061375
|r 2021-01-17 00:00:00
|t 1
|w 2021-01-17
|y BK15
|x 20150527 0 1
|x GrPaTEI
|
| 952 |
|
|
|0 0
|1 0
|2 ddc
|4 0
|6 005_740000000000000_CON
|7 1
|9 294662
|a LISK
|b LISK
|c BSC
|d 2021-01-17
|e 24
|f 0
|g 0.00
|l 0
|o 005.74 CON
|p 92410020194
|r 2021-01-17 00:00:00
|t 1
|w 2021-01-17
|y BKN
|x 20030626 0 0
|x GrPaTEI
|
| 952 |
|
|
|0 0
|1 0
|2 ddc
|4 0
|6 005_740000000000000_CON
|7 0
|9 294663
|a LISK
|b LISK
|c ALF
|d 2021-01-17
|e 24
|f 0
|g 0.00
|l 0
|o 005.74 CON
|p 92410020195
|r 2021-01-17 00:00:00
|t 1
|w 2021-01-17
|y BK15
|x 20030703 0 1
|x GrPaTEI
|
| 971 |
|
|
|a .b26630679
|b 16-04-20
|c 23-09-16
|
| 999 |
|
|
|c 172036
|d 172036
|